1662 1047 1820 1228 1036 1627 1018 1114 1712 1752 1863 1899 1242 1036 1846 1726 1625 1190 1550 1802 1757 1258 1337 1050 1410 1782 1768 1976 1979 1588 1679 1331 1087 1747 1941 1223 1977 1474 1854 1361 1326 1536 1823 1104 1524 1624 1007 1506 1476 1733 1802 1115 1438 1091 1114 1555 1596 1535 1602 1219 1331 1329 1798 1433 1088 1692 1122 1668 1397 1853 1212 1953 1498 1227 1126 1226 1289 1797 1391 1361 1396 1369 1860 1079 1798 1768 1339 1819 1207 1938 1492 1791 1720 1868 1817 1591 1282 1732 1999 BCNSPRNW ULIB Ver.6.0+V

เปลี่ยนเป็นภาษาไทย

Change to English
 แสดงรายละเอียดบรรณานุกรม
  กลับหน้าหลัก

Brief Record : Get Marc (ISO 2709) : E-mail record : QR code < ปิดหน้าต่าง
LEADER : 00000nam 2200000uu 4500
001    13399111760
003     ULIB
008    110707s2552||||th 000 0 tha d
020    9786169045014
050 04 DS568^bอ786ต 2552
100 0  อุดม เชยกีวงศ์
245 10 ตลาดเก่า (50-200 ปี) /^cอุดม เชยกีวงศ์ เรียบเรียง
250    พิมพ์ครั้งที่ 1
260    กรุงเทพฯ :^bภูมิปัญญาสร้างสรรค์,^c2552
300    256 หน้า :^bภาพประกอบ
504    บรรณานุกรม : หน้า 256
650  7 ตลาด^zไทย
651  7 ไทย^xภูมิประเทศและการท่องเที่ยว
651  7 ไทย^xความเป็นอยู่และประเพณี
945    ^p150^l0^i027612
995    ทศพร
999 ^a ใช้งานได้ทุกระบบ
รายการนี้ยังไม่มีแท็ก
คุณยังไม่ได้ล็อกอิน คุณสามารถมีกิจกรรมร่วมกับเว็บไซต์ได้ แต่ต้องล็อกอินก่อน ::
  ล็อกอิน

รายการสื่อสารสนเทศ

ลำดับที่ ประเภท เลขเรียก/บาร์โค้ด สถานที่ สถานะ
- ไม่พบข้อมูล -

รายการใกล้เคียง
    ผู้แต่ง [อุดม เชยกีวงศ์]

BibComment


ยังไม่เคยถูกคอมเมนท์

คอมเมนท์ทรัพยากรรายการนี้
  คอมเมนท์: ตลาดเก่า 50200 ปี..


 Copyright 2026. Bcnsprnw @Library